Statistiques concernant Pays les plus similaires aux États-Unis

Cliquez ici pour prendre le quiz!

Statistiques générales

  • Ce quiz a été pris 126 fois
  • Le résultat moyen est 7 sur 10

Statistiques - réponses

TopPays% Correct
1Canada
98%
3Royaume-Uni
92%
7France
89%
2Australie
77%
6Allemagne
73%
5Irlande
61%
4Nouvelle-Zélande
54%
8Suède
44%
9Norvège
41%
10Danemark
39%

Distribution des résultats

Percentile par nombre de réponses

% des personnes avec chaque résultat

Votre développement - résultats

Vous n’avez pas pris ce quiz